000 01165nam a22002777a 4500
003 dpl
005 20180712161219.0
008 180712b xxu||||| |||| 00| 0 eng d
010 _aA-803833
020 _c150.00
_a8185827591
035 _aA-803833, A-803858
037 _bCen Lib/Ret
040 _aDPL
_bHN
_c0
082 _a
_bसिन्हामृ
100 _aसिन्हा, मृदुला
_956175
245 _aएक दिये की दिवाली /
_cमृदुला सिन्हा
246 _aEk diye ki diwali /
_bby Mridula Sinha
260 _aनई दिल्ली
_bप्रतिभा प्रतिष्ठान
_c1996
270 _a1685, दखनीराय स्ट्रीट, नेताजी सुभाष मार्ग
_bनई दिल्ली
_e110002
300 _a168पृ.
_c21सेमी (सजिल्द)
650 _aहिन्दी -- साहित्य
_956176
650 _aहिन्दी -- कहानी
_9779
650 _aHindi -- Literature
_956177
650 _aHindi -- story
_943117
942 _2ddc
_cHN
_h
_mसिन्हामृ
999 _c114278
_d114278